| 000 | 00729nam a2200193 a 4500 | ||
|---|---|---|---|
| 001 | 000035806 | ||
| 005 | 20200930074628.0 | ||
| 008 | 111114s2004 gu 000 0 spa d | ||
| 040 |
_aDO-SdBNP _bspa _cBNPHU |
||
| 245 | 0 | 0 |
_aGuatemala un pueblo en lucha / _ccolaboradores de Eduardo Galeano,José González, Antonio Campos. |
| 260 |
_a[Guatemala] : _bEdiciones Solidaridad, _c[200?]. |
||
| 300 |
_a279 p. : _bil., retrs. ; _c21 cm. |
||
| 500 | _aIncluye referencias bibliográficas y notas al pie de las páginas | ||
| 590 | _aPerteneció a la biblioteca personal de Juan Isidro Jimenes Grullón | ||
| 700 | 1 |
_aGaleano, Eduardo _961757 |
|
| 700 | 1 |
_aGonzález, José _945339 |
|
| 700 | 1 |
_aCampos, Antonio _961758 |
|
| 049 | _aBNPD | ||
| 999 |
_c35297 _d35297 |
||